header

Attacks on the press (Record no. 69944)

MARC details
000 -LEADER
fixed length control field 01170nam a2200301 a 4500
245 00 - TITLE STATEMENT
Title Attacks on the press
250 ## - EDITION STATEMENT
Edition statement 2013 ed.
260 ## - PUBLICATION, DISTRIBUTION, ETC. (IMPRINT)
Place of publication Hoboken, N.J. :
Name of publisher Wiley,
Year of publication 2013.
300 ## - PHYSICAL DESCRIPTION
Number of Pages xii, 285 p.
500 ## - GENERAL NOTE
General note Includes index.
650 #0 - SUBJECT ADDED ENTRY--TOPICAL TERM
Topical Term Journalism.
700 1# - ADDED ENTRY--PERSONAL NAME
Personal name Serviss, Lew.
856 40 - ELECTRONIC LOCATION AND ACCESS
Uniform Resource Identifier http://site.ebrary.com/lib/rucke/Doc?id=10662610

No items available.

© 2026 Rongo University
Contact us: librarian | system librarian | Rongo university